Women workers in ten war production areas and their postwar employment plans. (Record no. 36559)

MARC details
000 -LEADER
fixed length control field 00938cam a22002651 4500
001 - CONTROL NUMBER
control field l 47000007
003 - CONTROL NUMBER IDENTIFIER
control field DLC
005 - DATE AND TIME OF LATEST TRANSACTION
control field 20260227111540.0
008 - FIXED-LENGTH DATA ELEMENTS--GENERAL INFORMATION
fixed length control field 810317s1946 dcua f000 0 eng c
010 ## - LIBRARY OF CONGRESS CONTROL NUMBER
LC control number l 47000007
035 ## - SYSTEM CONTROL NUMBER
System control number (OCoLC)7233298
040 ## - CATALOGING SOURCE
Original cataloging agency U.S. Dept. of Labor. Library
Transcribing agency ViBlbV
Modifying agency ViBlbV
-- DLC
042 ## - AUTHENTICATION CODE
Authentication code premarc
050 00 - LIBRARY OF CONGRESS CALL NUMBER
Classification number HD6093
Item number .A35 no. 209
082 ## - DEWEY DECIMAL CLASSIFICATION NUMBER
Classification number 331.4
100 1# - MAIN ENTRY--PERSONAL NAME
Personal name Weissbrodt, Sylvia Rosenberg.
245 10 - TITLE STATEMENT
Title Women workers in ten war production areas and their postwar employment plans.
260 ## - PUBLICATION, DISTRIBUTION, ETC.
Place of publication, distribution, etc. Washington,
Name of publisher, distributor, etc. U.S. Govt. Print. Off.,
Date of publication, distribution, etc. 1946.
300 ## - PHYSICAL DESCRIPTION
Extent vii, 56 p.
Other physical details incl. tables.
Dimensions 23 cm.
490 0# - SERIES STATEMENT
Series statement U.S. Women's Bureau. Bulletin
Volume/sequential designation no. 209
500 ## - GENERAL NOTE
General note At head of title: United States Dept. of Labor... Women's Bureau...
500 ## - GENERAL NOTE
General note "By Sylvia R. Weissbrodt."--Letter of transmittal.
650 #0 - SUBJECT ADDED ENTRY--TOPICAL TERM
Topical term or geographic name entry element Women
General subdivision Employment
Geographic subdivision United States.
650 #0 - SUBJECT ADDED ENTRY--TOPICAL TERM
Topical term or geographic name entry element World War, 1939-1945
General subdivision Women.

No items available.

Powered by Koha